Global Finance 2000 : A Handbook of Strategy and Organization from the Conference Board /

Gardado en:
Detalles Bibliográficos
Autor Principal: Lambrix, Robert J. (ed.)
Outros autores: Singhvi, Suren S. (edición) (edición)
Formato: Libro
Idioma:Lingua castelá
Publicado: Nueva York, EUA : Conference Board, 1996, c1996
Temas:
Etiquetas: Engadir etiqueta
Sen Etiquetas, Sexa o primeiro en etiquetar este rexistro!

MARC

LEADER 00000nam^a2200000^a^4500
001 000278109
005 20250521000000.0
009 20260310111354.02
020 |a 0-8237-0590-0 
037 |a Acervo ITESO - Biblioteca 
041 |a ESP 
082 |a 658. 15  |b LAM 
100 |a Lambrix, Robert J.  |e (ed.) 
245 1 0 |a Global Finance 2000 :  |b A Handbook of Strategy and Organization from the Conference Board /  |c Ed. de R.J. Lambrix, S.S. Singhvi. 
264 4 |a Nueva York, EUA :  |b Conference Board,  |c 1996, c1996 
300 |a 256 p. 
336 |a texto  |b txt  |2 rdacontenido 
337 |a sin mediación  |b n  |2 rdamedio 
338 |a volumen  |b nc  |2 rdasoporte 
649 |a XX 
650 |a Estrategia en los Negocios 
650 |a Inversiones 
650 |a Administración Financiera -  |x Tema Principal 
650 |a Comportamiento Organizacional 
650 |a Comunicación Organizacional 
650 |a Cultura Organizacional 
650 |a Tecnologías de Comunicación e Información 
650 |a Globalización 
650 |a Proceso Administrativo 
650 |a Administración 
650 |a Ciencias Administrativas 
700 |a Singhvi, Suren S.  |e (edición) 
910 |a Fondo General 
920 |a Impresos - Libros 
930 |a Colección General 
905 |a 101 
901 |a 0500163505  |b IT1  |c ACC  |u 20250521 
902 |a https://opac.biblio.iteso.mx/vufind/Record/000278109